000 00907nam a2200217 i 4500
001 34268
003 ES-MaACL
005 20250814045117.0
007 t|
008 030204s1930 fr ||||1| fre d
100 1 _aBloch, Eugène.
_929508
245 1 2 _aL'ancienne et la nouvelle théorie des quanta /
_cpar Eugène Bloch.
260 _aParís :
_bHermann et Cie,
_c1930 (
_eSaint-Amand, Cher :
_fR. Bussiére)
300 _a417 p. :
_bil. ;
_c25 cm.
500 _aLa préface précise : "Ce livre reproduit, en principe, l'ensemble de deux cours professés à la Sorbonne pendant les années scolaires 1926-1927 et 1928-1929 sur la théorie des quanta."
504 _aBibliogr. p. [409]-412.
594 _aPrecede al tít.: Cours de physique théorique de la Faculté des sciences de Paris.
650 0 7 _aMecánica cuántica
_2embne
_914872
852 _aES-MaACL
_jA-2940
999 _c34268
_d34268